| 000 | 00588cam a22002171 4500 | ||
|---|---|---|---|
| 001 | he 66001077 | ||
| 003 | DLC | ||
| 005 | 20260227111439.0 | ||
| 008 | 870528s1966 is a j 000 0 hebr | ||
| 010 | _ahe 66001077 | ||
| 035 | _a(OCoLC)15743566 | ||
| 040 |
_aDLC _cTxU _dTxU _dDLC |
||
| 042 | _apremarc | ||
| 050 | 0 | 0 |
_aPZ90.H3 _bH46 |
| 100 | 1 | _aHilel, O. | |
| 245 | 1 | 0 |
_aBulbul-lamah-kakhah? _cʻO. Hilel katav, Shemuel Kats tsiyer. |
| 260 |
_a[Tel-Aviv] _bMasadah, _c1966. |
||
| 300 |
_a[36] p. _bcol. illus. _c24 x 26 cm. |
||
| 500 | _aVocalized. | ||
| 500 | _aPoetry for children. | ||
| 999 |
_c31797 _d31797 |
||